| 000 | 01091cam a22001934a 4500 | ||
|---|---|---|---|
| 005 | 20250605164223.0 | ||
| 008 | 250528s ||||||||||||||||||||||||d | ||
| 035 | _a20736 | ||
| 020 | _a521378303 | ||
| 040 |
_aGR-AtMCL _bgre _dGR-AtMCL _eAACR2 |
||
| 245 | 1 | _aA Concise History of Greece | |
| 260 |
_bCambridge University Press, _c1999 |
||
| 300 | _a258 | ||
| 520 | _aThis book provides a concise, illustrated introduction to the history of modern Greece, from the first stirrings of the national movement in the late eighteenth century until the present day. Preface, Introduction, Ottoman Rule and the Emergence of the Greek State 1770-1831, National Building and the ''Great Idea'' and National Schism 1831-1922, Catastrophe and Occupation and Their Consequences 1923-1949, The Legacy of the Civil War 1950-1974, The Consolidation of Democracy and the Populist Decade 1974-1990, Epilogue, Biographies, The Royal Houses of Greece, Presidents, Tables, Key Dates, Guide to Further Reading, Index. | ||
| 700 | 1 |
_aClogg Richard _96701 |
|
| 942 | _cBK | ||
| 999 |
_c5820 _d5820 |
||